A debreczeni [debreceni!] tanszerkiállítás és a lembergi orsz. kiállítás tanügyi csoportja II. [rész] A lembergi országos kiállítás tanügyi része /

Elmentve itt :
Bibliográfiai részletek
Szerző: Beke Manó
Dokumentumtípus: Cikk
Megjelent: 1894
Sorozat:Magyar pedagógia : a Magyar Tudományos Akadémia Pedagógiai Bizottságának folyóirata 3
Kulcsszavak:Tanszerek, Lemberg, Kiállítás
Online Access:http://misc.bibl.u-szeged.hu/7020
LEADER 00780nab a2200181 i 4500
001 misc7020
005 20191106144319.0
008 170607s1894 hu o 0|| hun d
022 |a 0025-0260 
040 |a SZTE Miscellanea Repozitórium  |b hun 
041 |a hun 
100 1 |a Beke Manó 
245 1 2 |a A debreczeni [debreceni!] tanszerkiállítás és a lembergi orsz. kiállítás tanügyi csoportja   |h [elektronikus dokumentum] :  |b II. [rész] A lembergi országos kiállítás tanügyi része /  |c  Beke Manó 
260 |c 1894 
300 |a 527-535 
490 0 |a Magyar pedagógia : a Magyar Tudományos Akadémia Pedagógiai Bizottságának folyóirata  |v 3 
695 |a Tanszerek, Lemberg, Kiállítás 
856 4 0 |u http://misc.bibl.u-szeged.hu/7020/1/mp_1894_0251_527-535.pdf  |z Dokumentum-elérés